Begins with 'AA' to 'ZA' Quiz Stats

 Plays Quiz Updated Mar 9, 2016

Challenge
Share
Tweet
Embed
Score 0/26 Timer 05:00
0 Plays Today
Hint Answer % Correct
Before the expected timeearly
96.3%
Milky Way, eggalaxy
96%
Panda foodbamboo
94.2%
Sunrise; daybreakdawn
92.1%
One way to show fatigueyawn
91.4%
A tendency; pattern of behaviourhabit
90.3%
Payment for laborwage
88.7%
An acorn, eventuallyoak
87.6%
A gemstonejade
85.4%
Diminish gradually; witherfade
84.9%
Without plan or patternrandom
81.1%
Doha's countryQatar
75.9%
Silly; absurdzany
75.4%
Hint Answer % Correct
From Afrikaans for earth pigaardvark
74.4%
Uninformed; unawarenaive
71.5%
Indefinite or imprecisevague
71.2%
Mazelabyrinth
71.2%
Abu Dhabi nation, for shortUAE
70.9%
Overcome with fearpanic
69.5%
Follows bar, horseshoe or electromagnet
67.6%
Colorful pattern-creating tubekaleidoscope
65.4%
Forbidden; bannedtaboo
65%
Othello villainIago
62.1%
Approximately 4.19 joulescalorie
57.8%
Idyllic or exotic place, as in Kubla KhanXanadu
48.3%
Norse tale or legendsaga
26.7%

You're not logged in!

Compare scores with friends on all Sporcle quizzes.
Join for Free
OR
Log In

You Might Also Like...

Show Comments

Extras

Top Quizzes Today


Score Distribution

Your Account Isn't Verified!

In order to create a playlist on Sporcle, you need to verify the email address you used during registration. Go to your Sporcle Settings to finish the process.

Report this User

Report this user for behavior that violates our Community Guidelines.

Details: